000 00267nam a2200109Ia 4500
008 220204s9999 xx 000 0 und d
082 _a82-3
_bPEN
100 _aPenkovskiy, Oleg
245 4 _aThe Penkovskiy papers
260 _aNew York
_bBallantine
_c1982
942 _cBK
999 _c37746
_d37746